00504nam a2200193 a 4500001001300000003000900013005001700022008004100039020002300080082001700103100002500120245002600145260004400171300000900215500003500224505001000259650001600269700002500285nice12345678IN_TiNIC20260116014528.0101028s2010 newa grp 000 0 eng  a9788183871969c99500a340.59bANS1 aAnsari, Abdul Haseeb aIssues in Islamic Law aNew Delhi bSerials Publications c2010 a273p aincludes index and biblioraphy2 aindex aIslamic-Law1 aAnsari, Abdul Haseeb